Normal view
MARC view
- Johannesson, Daniel.
Entry Personal Name
001 - CONTROL NUMBER
- control field: 51904
003 - CONTROL NUMBER IDENTIFIER
- control field: OSt
005 - DATE AND TIME OF LATEST TRANSACTION
- control field: 20240208125002.0
008 - FIXED-LENGTH DATA ELEMENTS
- fixed length control field: 240208|| aca||aabn | a|a d
040 ## - CATALOGING SOURCE
- Original cataloging agency: OSt
- Transcribing agency: OSt
100 ## - HEADING--PERSONAL NAME
- Personal name: Johannesson, Daniel.
- Relator term: author.
670 ## - SOURCE DATA FOUND
- Source citation: Work cat.: (OSt): Johannesson, Daniel. author., Evaluation of ultrahigh-voltage 4H-SiC gate turn-Off thyristors and insulated-gate bipolar transistors for high-power applications /, April 2022.
